<?xml version="1.0" encoding="UTF-8"?><?xml-stylesheet type="text/xsl" href="static/style.xsl"?><OAI-PMH xmlns="http://www.openarchives.org/OAI/2.0/" xmlns:xsi="http://www.w3.org/2001/XMLSchema-instance" xsi:schemaLocation="http://www.openarchives.org/OAI/2.0/ http://www.openarchives.org/OAI/2.0/OAI-PMH.xsd"><responseDate>2026-04-14T04:11:33Z</responseDate><request verb="GetRecord" identifier="oai:www.recercat.cat:20.500.12327/3527" metadataPrefix="marc">https://recercat.cat/oai/request</request><GetRecord><record><header><identifier>oai:recercat.cat:20.500.12327/3527</identifier><datestamp>2025-10-22T11:12:04Z</datestamp><setSpec>com_2072_4428</setSpec><setSpec>com_2072_4427</setSpec><setSpec>col_2072_487898</setSpec></header><metadata><record xmlns="http://www.loc.gov/MARC21/slim" xmlns:dcterms="http://purl.org/dc/terms/" xmlns:xsi="http://www.w3.org/2001/XMLSchema-instance" xmlns:doc="http://www.lyncode.com/xoai" xsi:schemaLocation="http://www.loc.gov/MARC21/slim http://www.loc.gov/standards/marcxml/schema/MARC21slim.xsd">
   <leader>00925njm 22002777a 4500</leader>
   <datafield ind2=" " ind1=" " tag="042">
      <subfield code="a">dc</subfield>
   </datafield>
   <datafield ind2=" " ind1=" " tag="720">
      <subfield code="a">Solà-Oriol, D.</subfield>
      <subfield code="e">author</subfield>
   </datafield>
   <datafield ind2=" " ind1=" " tag="720">
      <subfield code="a">Roura, E.</subfield>
      <subfield code="e">author</subfield>
   </datafield>
   <datafield ind2=" " ind1=" " tag="720">
      <subfield code="a">Torrallardona, David</subfield>
      <subfield code="e">author</subfield>
   </datafield>
   <datafield ind2=" " ind1=" " tag="260">
      <subfield code="c">2007-02-06</subfield>
   </datafield>
   <datafield ind2=" " ind1=" " tag="520">
      <subfield code="a">One of the most important challenges in pig farming is to overcome the initial anorexia of the pig at weaning. Since the use of palatable ingredients should facilitate the initiation of feeding at weaning, we have previously conducted a series of trials to measure the preference of pigs for different cereals. Preference is driven by odour and taste, but the physical and post-ingestive properties of the cereals could also have an effect. The present trial aims to study the relationship between the preferences for diets with 60% of rice, barley, sorghum or oats and their digestibility and physical properties. We measured the ileal and faecal digestibilities of dry matter, organic matter, and crude protein, and the proximal GIT emptying (from the flow of digesta through the ileal cannula) for 12 h after feeding. Particle size profile, viscosity, swelling and water retention capacity and texture (hardness, fragility, chewing effort and stickiness) of the four diets, were also measured. Pearson's correlation coefficients with feed preference were statistically significant (P &lt; 0.05) for particle size profile and texture of the feeds. They tended to be significant (P &lt; 0.1) for ileal digesta viscosity, faecal dry matter digestibility and proximal GIT emptying rate. Additional studies of palatability for cereals should consider these parameters in order to confirm this.</subfield>
   </datafield>
   <datafield ind1="8" ind2=" " tag="024">
      <subfield code="a">Solà-Oriol, D., E. Roura, and D. Torrallardona. 2007. “Pig Preference for Cereal Based Diets, Relationship With Their Digestibility and Physical Properties.” Livestock Science 108 (1-3): 190-193. doi: 10.1016/j.livsci.2007.01.052</subfield>
   </datafield>
   <datafield ind1="8" ind2=" " tag="024">
      <subfield code="a">1871-1413</subfield>
   </datafield>
   <datafield ind1="8" ind2=" " tag="024">
      <subfield code="a">http://hdl.handle.net/20.500.12327/3527</subfield>
   </datafield>
   <datafield ind1="8" ind2=" " tag="024">
      <subfield code="a">https://doi.org/10.1016/j.livsci.2007.01.052</subfield>
   </datafield>
   <datafield ind2="0" ind1="0" tag="245">
      <subfield code="a">Pig preference for cereal based diets, relationship with their digestibility and physical properties</subfield>
   </datafield>
</record></metadata></record></GetRecord></OAI-PMH>